[Event "10th Reykjavik op"]
[Site "Reykjavik ISL"]
[Date "1982.02.13"]
[Round "4"]
[White "Angantysson, Haukur"]
[Black "Kogan, Boris"]
[Result "0-1"]
[WhiteElo "2400"]
[BlackElo "2455"]
[EventDate "1982.02.09"]
[PlyCount "86"]

1.e4 e5 2.Nf3 Nc6 3.Bb5 a6 4.Ba4 d6 5.O-O Bd7 6.c3 Nf6 7.Re1 g6 8.d4 Nb8 
9.Nbd2 Bg7 10.Nf1 O-O 11.d5 Qe7 12.Bxd7 Nbxd7 13.Ng3 Kh8 14.Bd2 Ng8 15.c4 
Bh6 16.h4 Bxd2 17.Qxd2 f5 18.exf5 gxf5 19.Ng5 f4 20.N3e4 Ngf6 21.Ne6 Nxe4 
22.Rxe4 Rg8 23.Qc3 Nf8 24.Ng5 Ng6 25.Rae1 Raf8 26.g3 Rf5 27.Kh2 Rxg5 28.
hxg5 Qxg5 29.Qf3 Ne7 30.Qc3 Nf5 31.Kg1 fxg3 32.f3 Qh5 33.R1e2 Nh4 34.Rf4 
g2 35.Rxh4 Qxh4 36.Rxg2 Qd4+ 37.Qxd4 Rxg2+ 38.Kxg2 exd4 39.Kf2 h5 40.b4 h4
41.a4 h3 42.c5 h2 43.Kg2 d3 0-1

[Event "10th Reykjavik op"]
[Site "Reykjavik ISL"]
[Date "1982.02.13"]
[Round "4"]
[White "Abramovic, Bosko"]
[Black "Kuligowski, Adam"]
[Result "1-0"]
[WhiteElo "2445"]
[BlackElo "2465"]
[EventDate "1982.02.09"]
[PlyCount "63"]

1.e4 c5 2.Nf3 d6 3.d4 cxd4 4.Nxd4 Nf6 5.Nc3 a6 6.Be2 e6 7.O-O Be7 8.f4 O-O
9.Kh1 Qc7 10.a4 Nc6 11.Be3 Re8 12.Bf3 Nxd4 13.Qxd4 e5 14.Qd2 exf4 15.Bxf4 
Be6 16.Rfd1 Red8 17.a5 Rac8 18.Be3 Re8 19.Bb6 Qb8 20.Bd4 Rcd8 21.Qf2 Rc8 
22.Be2 Kf8 23.Nd5 Bxd5 24.exd5 h6 25.Qf5 Rc7 26.Bxf6 Bxf6 27.Bd3 Kg8 28.
Qh7+ Kf8 29.Qh8+ Ke7 30.Re1+ Be5 31.Qxg7 Kd8 32.Rxe5 1-0

[Event "10th Reykjavik op"]
[Site "Reykjavik ISL"]
[Date "1982.02.13"]
[Round "4"]
[White "Mednis, Edmar"]
[Black "Kaiszauri, Konstanty"]
[Result "0-1"]
[WhiteElo "2470"]
[BlackElo "2395"]
[EventDate "1982.02.09"]
[PlyCount "92"]

1.e4 d6 2.d4 Nf6 3.Nc3 g6 4.f4 Bg7 5.Nf3 O-O 6.Bd3 Nc6 7.O-O e5 8.fxe5 
dxe5 9.d5 Nd4 10.Nxe5 Nxd5 11.Nxd5 Bxe5 12.Bf4 Nc6 13.Qd2 Be6 14.Bxe5 Nxe5
15.Nf6+ Kg7 16.Qf4 Qd4+ 17.Kh1 Rad8 18.Qh4 h6 19.Qg3 Rd6 20.Be2 Nd7 21.
Nxd7 Rxd7 22.Bd3 c5 23.b3 c4 24.bxc4 Bxc4 25.Bxc4 Qxc4 26.e5 Re8 27.Qf2 
Qd4 28.Qf6+ Kg8 29.Rae1 Re6 30.Qf3 Rxe5 31.Rxe5 Qxe5 32.h3 h5 33.Qf2 Qd4 
34.Qf3 Qd5 35.Qa3 b6 36.Qa4 Re7 37.Rf3 Re1+ 38.Kh2 Qe5+ 39.Qf4 Kg7 40.
Qxe5+ Rxe5 41.Ra3 Re2 42.Rd3 h4 43.Ra3 f5 44.Kg1 Re7 45.Ra4 g5 46.Rd4 Kf6 
0-1

[Event "10th Reykjavik op"]
[Site "Reykjavik ISL"]
[Date "1982.02.13"]
[Round "4"]
[White "Zaltsman, Vitaly"]
[Black "Hoei, Carsten"]
[Result "1-0"]
[WhiteElo "2405"]
[BlackElo "2425"]
[EventDate "1982.02.09"]
[PlyCount "47"]

1.d4 d5 2.c4 e6 3.Nc3 Nf6 4.cxd5 exd5 5.Bg5 Be7 6.e3 c6 7.Qc2 Nbd7 8.Bd3 
O-O 9.Nge2 Re8 10.h3 Nf8 11.g4 b6 12.O-O-O b5 13.Kb1 N6d7 14.Bxe7 Qxe7 15.
Ng3 Nb6 16.Nf5 Bxf5 17.gxf5 Rac8 18.Rhg1 b4 19.Na4 Nxa4 20.Qxa4 c5 21.dxc5
Rxc5 22.f6 Qe6 23.Rxg7+ Kh8 24.Qxb4 1-0

[Event "10th Reykjavik op"]
[Site "Reykjavik ISL"]
[Date "1982.02.13"]
[Round "4"]
[White "Arnason, Jon"]
[Black "Savage, Allan George"]
[Result "1-0"]
[WhiteElo "2445"]
[BlackElo "2310"]
[EventDate "1982.02.09"]
[PlyCount "72"]

1.e4 e6 2.d4 d5 3.Nc3 Nf6 4.e5 Nfd7 5.f4 c5 6.Nf3 Nc6 7.Be3 Qb6 8.Na4 Qa5+
9.c3 cxd4 10.b4 Qd8 11.Nxd4 Nxd4 12.Bxd4 Be7 13.Bd3 O-O 14.Qc2 g6 15.h4 
Bxh4+ 16.Ke2 Bg3 17.Raf1 Bxf4 18.Rxf4 Qg5 19.Rfh4 h5 20.Qd2 Qxg2+ 21.Kd1 
Qxd2+ 22.Kxd2 f5 23.Rg1 Kf7 24.Ke3 b6 25.Be2 Bb7 26.Kf4 Rac8 27.Bf2 Nb8 
28.Rxh5 Rh8 29.Rxh8 Rxh8 30.Bf3 Nd7 31.Nb2 Ba6 32.a4 Rh2 33.Rg2 g5+ 34.
Kxg5 Nxe5 35.Bh5+ Rxh5+ 36.Kxh5 Bf1 1-0

[Event "10th Reykjavik op"]
[Site "Reykjavik ISL"]
[Date "1982.02.13"]
[Round "4"]
[White "Hjartarson, Johann"]
[Black "Kraehenbuehl, Gerhard"]
[Result "1-0"]
[WhiteElo "2425"]
[BlackElo "2305"]
[EventDate "1982.02.09"]
[PlyCount "77"]

1.d4 Nf6 2.c4 g6 3.Nc3 Bg7 4.Nf3 O-O 5.g3 d6 6.Bg2 Nbd7 7.O-O e5 8.e4 Re8 
9.h3 exd4 10.Nxd4 Nc5 11.Re1 a5 12.Qc2 Nfd7 13.Be3 Ne5 14.b3 a4 15.Rad1 
axb3 16.axb3 Na6 17.f4 Nb4 18.Qd2 Ned3 19.Re2 Ra3 20.Rb1 Bd7 21.Nc2 Nxc2 
22.Qxc2 Nb4 23.Qd2 Nc6 24.Nd5 f5 25.e5 dxe5 26.Bc5 Ra8 27.fxe5 Rxe5 28.b4 
Qe8 29.Rxe5 Qxe5 30.b5 Ra1 31.Rxa1 Qxa1+ 32.Kh2 Qe5 33.bxc6 Bxc6 34.Ne7+ 
Kf7 35.Nxc6 Qxc5 36.Qd7+ Kg8 37.Qe6+ Kf8 38.Qc8+ Kf7 39.Bd5+ 1-0

[Event "10th Reykjavik op"]
[Site "Reykjavik ISL"]
[Date "1982.02.13"]
[Round "4"]
[White "Josteinsson, Leifur"]
[Black "Horvath, Tamas"]
[Result "0-1"]
[WhiteElo "2300"]
[BlackElo "2400"]
[EventDate "1982.02.09"]
[PlyCount "33"]

1.d4 Nf6 2.c4 e6 3.Nc3 Bb4 4.a3 Bxc3+ 5.bxc3 c5 6.f3 O-O 7.Bg5 d6 8.e3 Nc6
9.Bd3 cxd4 10.exd4 e5 11.d5 Nb8 12.Qc2 h6 13.Bh4 Nbd7 14.Nh3 Nc5 15.Bh7+ 
Kh8 16.Nf2 g5 17.Bg3 0-1

[Event "10th Reykjavik op"]
[Site "Reykjavik ISL"]
[Date "1982.02.13"]
[Round "4"]
[White "Bischoff, Klaus"]
[Black "Arnason, Asgeir Thor"]
[Result "1-0"]
[WhiteElo "2385"]
[BlackElo "2240"]
[EventDate "1982.02.09"]
[PlyCount "79"]

1.e4 e5 2.Nf3 Nc6 3.d4 exd4 4.Nxd4 Bc5 5.Nb3 Bb6 6.a4 a6 7.Nc3 Nf6 8.Bg5 
h6 9.Bh4 d6 10.Be2 Be6 11.Nd5 Bxd5 12.exd5 Ne5 13.O-O Ng6 14.Bxf6 Qxf6 15.
a5 Ba7 16.c3 O-O 17.g3 Rae8 18.Kg2 Re5 19.Ra4 Rfe8 20.Bf3 Rg5 21.h4 Rge5 
22.Rb4 b5 23.axb6 cxb6 24.Nd4 b5 25.Nc6 Bc5 26.Nxe5 Rxe5 27.Re4 Rf5 28.Qe2
Kh7 29.Bg4 Rxd5 30.f4 a5 31.h5 Nh8 32.Qxb5 Rd2+ 33.Re2 Rxe2+ 34.Qxe2 a4 
35.Qe4+ g6 36.Qxa4 gxh5 37.Qe4+ Ng6 38.Bxh5 Qd8 39.Bxg6+ fxg6 40.Re1 1-0

[Event "10th Reykjavik op"]
[Site "Reykjavik ISL"]
[Date "1982.02.13"]
[Round "4"]
[White "Iskov, Gert"]
[Black "Bjarnason, Saevar"]
[Result "0-1"]
[WhiteElo "2380"]
[BlackElo "2290"]
[EventDate "1982.02.09"]
[PlyCount "102"]

1.e4 e6 2.d4 d5 3.Nd2 c5 4.Ngf3 Nc6 5.exd5 exd5 6.Bb5 Bd6 7.dxc5 Bxc5 8.
O-O Ne7 9.Nb3 Bb6 10.Be3 O-O 11.Bxb6 Qxb6 12.Bd3 Bd7 13.c3 Rad8 14.Qc2 g6 
15.h3 Bc8 16.Rad1 Rd6 17.Qd2 Rfd8 18.Qh6 f6 19.Rfe1 Bf5 20.Nfd4 Bxd3 21.
Rxd3 Ne5 22.Rde3 Rf8 23.Qh4 N7c6 24.Kh1 Nxd4 25.cxd4 g5 26.Qh5 Nf7 27.Re8 
Rd8 28.R8e7 Qb5 29.Nc5 Rde8 30.Nd7 Rxe7 31.Rxe7 Qf1+ 32.Kh2 Qxf2 33.Qf3 
Qxf3 34.gxf3 Rc8 35.Nxf6+ Kg7 36.Ng4 Rc2+ 37.Kg3 Kg6 38.Re6+ Kg7 39.Re7 
Kg6 40.b3 h5 41.Nf2 Nh6 42.Re6+ Kg7 43.Re1 Nf5+ 44.Kg2 Nh4+ 45.Kf1 Nxf3 
46.Re7+ Kf6 47.Rxb7 Rxa2 48.Rd7 Ke6 49.Rh7 Nxd4 50.Rxh5 Nxb3 51.Rxg5 Nd2+ 
0-1

[Event "10th Reykjavik op"]
[Site "Reykjavik ISL"]
[Date "1982.02.13"]
[Round "4"]
[White "Jonsson, Johannes Gisli"]
[Black "Thorsteins, Karl"]
[Result "1/2-1/2"]
[WhiteElo "2315"]
[BlackElo "2305"]
[EventDate "1982.02.09"]
[PlyCount "87"]

1.e4 c5 2.g3 d5 3.exd5 Qxd5 4.Nf3 Bg4 5.Bg2 Qe6+ 6.Kf1 Bh3 7.b4 cxb4 8.a3 
Nc6 9.axb4 Nxb4 10.Na3 Nf6 11.d4 g6 12.c4 Bg7 13.Rb1 a5 14.Qa4+ b5 15.
Qxb5+ Kf8 16.Ng5 Bxg2+ 17.Kxg2 Qc8 18.Bd2 Ne8 19.Nf3 Nd6 20.Qa4 Nf5 21.Bc3
Bf6 22.Rhd1 g5 23.Nb5 Kg7 24.Bxb4 axb4 25.Qxb4 g4 26.Ne1 Ra2 27.Rb3 Rd8 
28.d5 e6 29.Rbd3 Rb2 30.Qa4 Qc5 31.R1d2 Rb4 32.Qd1 Rxc4 33.Na3 Re4 34.dxe6
Rxd3 35.Rxd3 Rxe6 36.Qxg4+ Kh8 37.Rf3 Nd4 38.Re3 Rxe3 39.fxe3 Nf5 40.Nac2 
Nxe3+ 41.Nxe3 Qxe3 42.Qc8+ Kg7 43.Qg4+ Kh8 44.Qc8+ 1/2-1/2

[Event "10th Reykjavik op"]
[Site "Reykjavik ISL"]
[Date "1982.02.13"]
[Round "4"]
[White "Gudmundsson, Elvar"]
[Black "Karlsson, Hilmar"]
[Result "1-0"]
[WhiteElo "2320"]
[BlackElo "2260"]
[EventDate "1982.02.09"]
[PlyCount "107"]

1.c4 e6 2.Nf3 Nf6 3.g3 g6 4.b3 Bg7 5.Bb2 O-O 6.Bg2 d5 7.O-O c5 8.d3 b6 9.
e3 Bb7 10.Qe2 Re8 11.Ne5 Nfd7 12.f4 Nxe5 13.fxe5 Nc6 14.d4 dxc4 15.Qf2 Qd7
16.Nd2 Nb4 17.Bxb7 Qxb7 18.Nxc4 Rf8 19.Nd6 Qc6 20.Qe2 cxd4 21.Rac1 Qd5 22.
exd4 f6 23.Rc7 fxe5 24.dxe5 Qd3 25.Qxd3 Nxd3 26.Rxf8+ Rxf8 27.Bd4 Bxe5 28.
Bxe5 Nxe5 29.Rxa7 Nc6 30.Rb7 Rb8 31.Rxb8+ Nxb8 32.a4 Kf8 33.Nc4 Nd7 34.Kf2
Nc5 35.Nxb6 Nxb3 36.Nc4 Ke7 37.Ke3 Nc5 38.a5 Na6 39.Ke4 Kf6 40.Kd4 h6 41.
Nd6 e5+ 42.Kd5 h5 43.Ne4+ Kf5 44.Nc5 Nb4+ 45.Kc4 Nc6 46.a6 Na7 47.Kd5 g5 
48.Ne4 h4 49.Nd6+ Kg4 50.Kc5 hxg3 51.hxg3 Kxg3 52.Kb6 Kf4 53.Kxa7 g4 54.
Ne4 1-0

[Event "10th Reykjavik op"]
[Site "Reykjavik ISL"]
[Date "1982.02.13"]
[Round "4"]
[White "Gruenberg, Rainer"]
[Black "Jonasson, Benedikt"]
[Result "1/2-1/2"]
[WhiteElo "2310"]
[BlackElo "2240"]
[EventDate "1982.02.09"]
[PlyCount "85"]

1.c4 Nf6 2.Nc3 e6 3.e4 d5 4.e5 Ne4 5.Nxe4 dxe4 6.Qg4 Bd7 7.Qxe4 Bc6 8.Qe2 
Na6 9.Nf3 Nb4 10.Kd1 a5 11.d3 Qd7 12.Bd2 b5 13.a3 Na6 14.d4 Rb8 15.d5 exd5
16.e6 Qxe6 17.Nd4 Qxe2+ 18.Bxe2 Bd7 19.cxb5 Bc5 20.Nc6 Bxc6 21.bxc6 Ra8 
22.Bxa5 Bxf2 23.Rc1 Be3 24.Bd2 Bxd2 25.Kxd2 Ke7 26.Rhf1 Rhb8 27.b4 Nxb4 
28.axb4 Rxb4 29.Rc2 f6 30.Rf3 Kd6 31.Rh3 Rh8 32.Rd3 Re8 33.Bf3 Re5 34.Ra3 
Rd4+ 35.Kc1 Re1+ 36.Kb2 Rb4+ 37.Rb3 Rb1+ 38.Kxb1 Rxb3+ 39.Ka2 Rb6 40.Rd2 
Rb5 41.Bd1 Ra5+ 42.Kb2 Kxc6 43.Bc2 1/2-1/2

[Event "10th Reykjavik op"]
[Site "Reykjavik ISL"]
[Date "1982.02.13"]
[Round "4"]
[White "Sigurjonsson, Johann Oern"]
[Black "Frey Beckman, Kenneth"]
[Result "1/2-1/2"]
[WhiteElo "2240"]
[BlackElo "2480"]
[EventDate "1982.02.09"]
[PlyCount "143"]

1.e4 e5 2.Nf3 Nc6 3.Bc4 Bc5 4.b4 Bxb4 5.c3 Be7 6.d4 Na5 7.Nxe5 Nxc4 8.Nxc4
d5 9.exd5 Qxd5 10.Ne3 Qa5 11.O-O Nf6 12.Re1 Be6 13.c4 c6 14.Nd2 Rd8 15.Nb3
Qc7 16.Qf3 O-O 17.Bb2 Rfe8 18.Rac1 Bc8 19.d5 h6 20.Nd4 Bd6 21.dxc6 Bxh2+ 
22.Kh1 Be5 23.Nd5 Nxd5 24.cxd5 bxc6 25.Nb5 Qb8 26.Bxe5 Rxe5 27.Rxe5 Qxe5 
28.Nxa7 Qg5 29.Qc3 Qxd5 30.Nxc6 Qh5+ 31.Kg1 Rd1+ 32.Rxd1 Qxd1+ 33.Kh2 Qh5+
34.Kg1 Qd1+ 35.Kh2 Qd6+ 36.Kg1 Bb7 37.Na5 Bd5 38.Qd4 Qe6 39.Nb3 Qf5 40.Qd1
Qg5 41.f3 h5 42.Qc1 Qg6 43.Qd1 Qg5 44.Qc1 Qg6 45.Qd1 Qe6 46.Kf2 h4 47.Qd4 
g5 48.Nc5 Qc6 49.Ne4 Qc2+ 50.Kg1 Bxe4 51.fxe4 Qc1+ 52.Kh2 Qf4+ 53.Kg1 h3 
54.gxh3 Qg3+ 55.Kh1 Qxh3+ 56.Kg1 Qg3+ 57.Kh1 Qf3+ 58.Kg1 g4 59.Qd5 Qg3+ 
60.Kf1 Qf4+ 61.Kg2 Qf3+ 62.Kg1 Qe3+ 63.Kg2 Qh3+ 64.Kg1 Qe3+ 65.Kg2 Qh3+ 
66.Kg1 Qg3+ 67.Kf1 Qh4 68.e5 g3 69.Qa8+ Kg7 70.Qf3 Kf8 71.a4 Qxa4 72.Qxg3 
1/2-1/2

[Event "10th Reykjavik op"]
[Site "Reykjavik ISL"]
[Date "1982.02.13"]
[Round "4"]
[White "Jonsson, Johann Thorir"]
[Black "Briem, Stefan"]
[Result "0-1"]
[WhiteElo "2200"]
[BlackElo "2290"]
[EventDate "1982.02.09"]
[PlyCount "60"]

1.e4 e5 2.Nf3 Nf6 3.Nc3 Nc6 4.Bc4 Nxe4 5.Bxf7+ Kxf7 6.Nxe4 d5 7.Nfg5+ Ke8 
8.Qh5+ g6 9.Qf3 Bf5 10.Qb3 Bxe4 11.Qxb7 Nd4 12.Nxe4 Rb8 13.Qxd5 Qxd5 14.
Nf6+ Kf7 15.Nxd5 Nxc2+ 16.Kd1 Nxa1 17.f4 Ke6 18.Nc3 exf4 19.Re1+ Kd7 20.d4
g5 21.Ne4 Be7 22.Kd2 Rhf8 23.Kd3 g4 24.Bd2 Rxb2 25.Rxa1 f3 26.gxf3 Rxf3+ 
27.Kc4 Rc2+ 28.Kb5 a6+ 29.Kxa6 Ra3+ 30.Kb5 c6+ 0-1

[Event "10th Reykjavik op"]
[Site "Reykjavik ISL"]
[Date "1982.02.14"]
[Round "5"]
[White "Petursson, Margeir"]
[Black "Ivanovic, Bozidar"]
[Result "0-1"]
[WhiteElo "2415"]
[BlackElo "2485"]
[EventDate "1982.02.09"]
[PlyCount "90"]

1.d4 c6 2.c4 d5 3.cxd5 cxd5 4.Nc3 e5 5.Nf3 e4 6.Ne5 Qa5 7.e3 Bb4 8.Bd2 Ne7
9.a3 Bxc3 10.Bxc3 Qb6 11.Bb4 a5 12.Qa4+ Nec6 13.Be2 Bd7 14.Nxd7 Nxd7 15.
O-O Rd8 16.Bd6 Nxd4 17.Qxd4 Qxd6 18.Qxg7 Qe5 19.Qxe5+ Nxe5 20.Rfc1 Ke7 21.
Rc5 b6 22.Rc7+ Rd7 23.Rc3 d4 24.exd4 Rxd4 25.Re1 Rhd8 26.Re3 f5 27.Rh3 Rd2
28.Bf1 Rxb2 29.Rxh7+ Kf6 30.Rh6+ Ng6 31.h4 Rh8 32.Rxh8 Nxh8 33.Rd1 Nf7 34.
a4 f4 35.Bb5 Ne5 36.h5 Ng4 37.Rd6+ Ke5 38.h6 Rb1+ 39.Bf1 e3 40.fxe3 Kxd6 
41.h7 Nxe3 42.h8=Q Rxf1+ 43.Kh2 Ng4+ 44.Kh3 Rh1+ 45.Kxg4 Rxh8 0-1

[Event "10th Reykjavik op"]
[Site "Reykjavik ISL"]
[Date "1982.02.14"]
[Round "5"]
[White "Arnason, Jon"]
[Black "Zaltsman, Vitaly"]
[Result "1-0"]
[WhiteElo "2445"]
[BlackElo "2405"]
[EventDate "1982.02.09"]
[PlyCount "51"]

1.Nf3 Nf6 2.c4 e6 3.g3 d5 4.d4 dxc4 5.Bg2 a6 6.a4 c5 7.O-O Nc6 8.dxc5 Bxc5
9.Nbd2 e5 10.Nxc4 Qe7 11.Be3 O-O 12.Bxc5 Qxc5 13.Rc1 Qb4 14.Nfxe5 Nxe5 15.
Nxe5 Qxb2 16.Nc4 Qa2 17.Nb6 Rb8 18.Nxc8 Rbxc8 19.Rxc8 Rxc8 20.Bxb7 Rb8 21.
Bxa6 h5 22.Qd4 Qe6 23.Bd3 Ng4 24.Qe4 Qxe4 25.Bxe4 Rb2 26.Rb1 1-0

[Event "10th Reykjavik op"]
[Site "Reykjavik ISL"]
[Date "1982.02.14"]
[Round "5"]
[White "Kaiszauri, Konstanty"]
[Black "Hjartarson, Johann"]
[Result "1/2-1/2"]
[WhiteElo "2395"]
[BlackElo "2425"]
[EventDate "1982.02.09"]
[PlyCount "41"]

1.c4 e6 2.g3 Nf6 3.Bg2 d5 4.Nf3 Be7 5.O-O dxc4 6.Qa4+ Nbd7 7.Qxc4 a6 8.Qc2
O-O 9.d4 Ra7 10.Rd1 c5 11.Nc3 b5 12.Bg5 Qb6 13.a4 cxd4 14.Nxd4 Rc7 15.axb5
axb5 16.Qd3 Ba6 17.Bf4 Rc4 18.Nb3 Nc5 19.Nxc5 Bxc5 20.e3 Be7 21.Be5 
1/2-1/2

[Event "10th Reykjavik op"]
[Site "Reykjavik ISL"]
[Date "1982.02.14"]
[Round "5"]
[White "Olafsson, Fridrik"]
[Black "Bischoff, Klaus"]
[Result "1/2-1/2"]
[WhiteElo "2530"]
[BlackElo "2385"]
[EventDate "1982.02.09"]
[PlyCount "39"]

1.e4 d6 2.d4 Nf6 3.f3 g6 4.Be3 Bg7 5.Qd2 c6 6.c4 a6 7.Nc3 b5 8.Rd1 O-O 9.
h4 h5 10.Nh3 Bxh3 11.Rxh3 Nbd7 12.Be2 Qa5 13.a3 bxc4 14.Bxc4 d5 15.Ba2 
dxe4 16.fxe4 Rad8 17.Bh6 Ng4 18.Bg5 Bf6 19.Bxf6 exf6 20.Ne2 1/2-1/2

[Event "10th Reykjavik op"]
[Site "Reykjavik ISL"]
[Date "1982.02.14"]
[Round "5"]
[White "Shamkovich, Leonid"]
[Black "Gudmundsson, Elvar"]
[Result "1-0"]
[WhiteElo "2470"]
[BlackElo "2320"]
[EventDate "1982.02.09"]
[PlyCount "64"]

1.e4 c6 2.d4 d5 3.exd5 cxd5 4.c4 Nf6 5.Nc3 e6 6.Nf3 Be7 7.cxd5 Nxd5 8.Bc4 
Nxc3 9.bxc3 O-O 10.O-O Nd7 11.Bd3 Qc7 12.Qc2 Nf6 13.Ne5 h6 14.Bf4 Bd6 15.
Rae1 b6 16.Bxh6 gxh6 17.Qd2 Nh7 18.Qxh6 f5 19.Re3 Bxe5 20.dxe5 Kh8 21.Rg3 
Rg8 22.Rd1 Rxg3 23.hxg3 Qg7 24.Qh4 Qg5 25.Qc4 Qe7 26.g4 Bb7 27.gxf5 exf5 
28.Bxf5 Rd8 29.Rxd8+ Qxd8 30.Qf7 Ng5 31.Qxb7 Qd1+ 32.Kh2 Qd2 1-0

[Event "10th Reykjavik op"]
[Site "Reykjavik ISL"]
[Date "1982.02.14"]
[Round "5"]
[White "Westerinen, Heikki"]
[Black "Bajovic, Milan"]
[Result "1/2-1/2"]
[WhiteElo "2440"]
[BlackElo "2345"]
[EventDate "1982.02.09"]
[PlyCount "102"]

1.e4 e6 2.d4 d5 3.Nc3 Nf6 4.Bg5 Bb4 5.e5 h6 6.Bd2 Bxc3 7.bxc3 Ne4 8.Qg4 
Kf8 9.Bd3 Nxd2 10.Kxd2 c5 11.h4 Nc6 12.Rh3 Qa5 13.Rg3 g5 14.hxg5 hxg5 15.
Qxg5 Ke8 16.Qf6 Rf8 17.dxc5 d4 18.Ne2 dxc3+ 19.Nxc3 Bd7 20.Rh1 Qxc5 21.Rg5
Bc8 22.Rh8 Rxh8 23.Qxh8+ Kd7 24.Qf6 Qe7 25.Rg7 Qxf6 26.exf6 Nd8 27.Bg6 Kd6
28.Bxf7 Ke5 29.Rh7 Kxf6 30.Ne4+ Ke5 31.Ke3 Kd5 32.Rh5+ Kc4 33.Rc5+ Kb4 34.
Be8 a6 35.c3+ Ka3 36.g4 b6 37.Re5 Ra7 38.Nd6 Rc7 39.Kd3 Kxa2 40.g5 Bd7 41.
g6 Bxe8 42.Nxe8 Re7 43.Nf6 Rg7 44.Rg5 Nc6 45.Ng4 Kb3 46.f4 b5 47.Ke4 Ne7 
48.Ne5 Kxc3 49.Rg3+ Kc2 50.Ra3 b4 51.Rxa6 Nxg6 1/2-1/2

[Event "10th Reykjavik op"]
[Site "Reykjavik ISL"]
[Date "1982.02.14"]
[Round "5"]
[White "Sigurjonsson, Gudmundur"]
[Black "Mednis, Edmar"]
[Result "1/2-1/2"]
[WhiteElo "2435"]
[BlackElo "2470"]
[EventDate "1982.02.09"]
[PlyCount "100"]

1.e4 c5 2.Nf3 Nc6 3.d4 cxd4 4.Nxd4 Nf6 5.Nc3 d6 6.Bc4 e6 7.Bb3 Be7 8.Be3 
O-O 9.f4 Nxd4 10.Bxd4 b5 11.e5 dxe5 12.fxe5 Nd7 13.Qf3 Rb8 14.Ne4 Bb7 15.
c3 Nc5 16.Bc2 Nxe4 17.Bxe4 Bxe4 18.Qxe4 Qc7 19.O-O Bc5 20.Rf4 Rfd8 21.Raf1
Rd7 22.h3 b4 23.Rh4 g6 24.Qe3 Bf8 25.Kh1 Qc4 26.Ra1 bxc3 27.Qxc3 Qd5 28.
Bg1 Qb7 29.Ra4 a6 30.Rc1 Bh6 31.Rc2 Rd1 32.Kh2 Qb5 33.Rc4 Rbd8 34.Bc5 Rf1 
35.Be7 Re8 36.Rc8 Bg7 37.Bf6 Bxf6 38.exf6 Rd1 39.Rxe8+ Qxe8 40.Qe3 Qb8+ 
41.g3 Qd8 42.Rf2 Rd3 43.Qh6 Qf8 44.Qc1 h5 45.h4 Qd6 46.Qg5 Kh7 47.Rc2 Qd4 
48.Rc8 Qf2+ 49.Kh3 Qf1+ 50.Kh2 Qf2+ 1/2-1/2

[Event "10th Reykjavik op"]
[Site "Reykjavik ISL"]
[Date "1982.02.14"]
[Round "5"]
[White "Briem, Stefan"]
[Black "Hoei, Carsten"]
[Result "0-1"]
[WhiteElo "2290"]
[BlackElo "2425"]
[EventDate "1982.02.09"]
[PlyCount "110"]

1.e4 d6 2.d4 Nf6 3.Nc3 g6 4.f4 Bg7 5.Nf3 O-O 6.Be2 c5 7.dxc5 Qa5 8.O-O 
Qxc5+ 9.Kh1 Nbd7 10.Nd2 a6 11.Nb3 Qc7 12.Be3 b5 13.a3 Bb7 14.Bf3 Rac8 15.
Qe1 e5 16.Rd1 exf4 17.Bxf4 Ne5 18.Qg3 Rfe8 19.Rf2 Rcd8 20.Bg5 h6 21.Bxf6 
Bxf6 22.Be2 Qe7 23.Qe3 Bh4 24.Rff1 Bg5 25.Qb6 Rb8 26.Qxd6 Qxd6 27.Rxd6 Nc4
28.Bxc4 bxc4 29.Nc5 Be7 30.Nxb7 Rxb7 31.Rxa6 Rxb2 32.Nd5 Rxc2 33.Rc6 Bg5 
34.h4 Bxh4 35.Rc7 Rf8 36.Ne3 Re2 37.Rf3 Bg5 38.Nxc4 Rxe4 39.Kg1 Bf4 40.Rc6
Rfe8 41.g3 Bb8 42.a4 Re2 43.a5 Ra2 44.Rf1 Ba7+ 45.Nb6 Rxa5 46.Kg2 Re2+ 47.
Kf3 Rea2 48.Ke4 Bxb6 49.Rxb6 R2a4+ 50.Ke3 Re5+ 51.Kd3 Re7 52.Rb3 Kg7 53.
Rf3 h5 54.Re3 Rxe3+ 55.Kxe3 h4 0-1

[Event "10th Reykjavik op"]
[Site "Reykjavik ISL"]
[Date "1982.02.14"]
[Round "5"]
[White "Goodman, David Simon Charles"]
[Black "Jonasson, Benedikt"]
[Result "1/2-1/2"]
[WhiteElo "2345"]
[BlackElo "2240"]
[EventDate "1982.02.09"]
[PlyCount "182"]

1.d4 Nf6 2.c4 e6 3.Nf3 d5 4.Nc3 Be7 5.cxd5 exd5 6.Bg5 O-O 7.e3 c6 8.Bd3 
Nbd7 9.Qc2 Re8 10.O-O Nf8 11.Rab1 Ng6 12.Bxf6 Bxf6 13.b4 Bg4 14.Nd2 Rc8 
15.Na4 Re7 16.Rfc1 Qd6 17.b5 Ree8 18.b6 axb6 19.Nxb6 Rc7 20.Nb3 Bd8 21.Bf5
Bxf5 22.Qxf5 Nh4 23.Qd3 f5 24.g3 Rf7 25.Nd2 Ng6 26.Na4 f4 27.exf4 Nxf4 28.
gxf4 Qxf4 29.Nf1 Qxf2+ 30.Kh1 Rf3 31.Rc2 Rxd3 32.Rxf2 Rxd4 33.Nc5 b5 34.
Ng3 Bb6 35.Nd7 Ba7 36.Rbf1 h6 37.Rf8+ Rxf8 38.Rxf8+ Kh7 39.Ra8 Rd1+ 40.Kg2
Rd2+ 41.Kh3 Rxa2 42.Nf8+ Kg8 43.Ne6+ Kf7 44.Nd8+ Kg6 45.Nxc6 Ra6 46.Nxa7 
b4 47.Ne2 b3 48.Nf4+ Kh7 49.Nxd5 b2 50.Rb8 Ra3+ 51.Kg4 Ra4+ 52.Kf3 Rxa7 
53.Rxb2 Ra5 54.Ne3 Rh5 55.Kg4 Rg5+ 56.Kf4 Ra5 57.Rd2 Rb5 58.Nd5 Rb1 59.Kg4
Rg1+ 60.Kf3 Ra1 61.Nf4 Ra3+ 62.Rd3 Ra2 63.Kg3 Ra4 64.Rb3 Ra7 65.Re3 Rb7 
66.Kg4 Ra7 67.Re4 Rd7 68.Ne2 Ra7 69.Nf4 Rd7 70.Ne6 Ra7 71.h4 Rf7 72.Re5 
Rb7 73.Re2 Ra7 74.h5 Ra4+ 75.Kf5 Ra5+ 76.Re5 Ra8 77.Rc5 Rb8 78.Rd5 Ra8 79.
Rd8 Ra5+ 80.Kg4 Ra4+ 81.Nf4 Ra5 82.Nd5 Ra1 83.Kf5 Rg1 84.Nf4 Rg5+ 85.Ke6 
Ra5 86.Rd7 Ra6+ 87.Ke7 Ra8 88.Ne6 Ra5 89.Kf8 Kh8 90.Rxg7 Ra8+ 91.Kf7 Rf8+ 
1/2-1/2

[Event "10th Reykjavik op"]
[Site "Reykjavik ISL"]
[Date "1982.02.14"]
[Round "5"]
[White "Arnason, Asgeir Thor"]
[Black "Jonsson, Johannes Gisli"]
[Result "0-1"]
[WhiteElo "2240"]
[BlackElo "2315"]
[EventDate "1982.02.09"]
[PlyCount "58"]

1.e4 c5 2.Nf3 d6 3.d4 cxd4 4.Qxd4 Nc6 5.Bb5 Bd7 6.Bxc6 Bxc6 7.Nc3 Nf6 8.
Bg5 e6 9.O-O-O Be7 10.Rhe1 a6 11.Nd5 Nxd5 12.Qxg7 Bxg5+ 13.Nxg5 Qf6 14.
Qxf6 Nxf6 15.Rxd6 Rg8 16.f4 h6 17.Nh3 Rxg2 18.e5 Nd5 19.f5 Bd7 20.c4 Rc8 
21.Re4 b5 22.Rxa6 exf5 23.Rh4 Rxc4+ 24.Rxc4 bxc4 25.Rxh6 f4 26.Nxf4 Nxf4 
27.h4 Nd3+ 28.Kb1 Rxb2+ 29.Ka1 c3 0-1

[Event "10th Reykjavik op"]
[Site "Reykjavik ISL"]
[Date "1982.02.14"]
[Round "5"]
[White "Savage, Allan George"]
[Black "Erlingsson, Jonas Petur"]
[Result "1/2-1/2"]
[WhiteElo "2310"]
[BlackElo "2225"]
[EventDate "1982.02.09"]
[PlyCount "77"]

1.e4 c6 2.d4 d5 3.exd5 cxd5 4.c4 Nf6 5.Nc3 Nc6 6.Nf3 e6 7.c5 Ne4 8.Bb5 
Nxc3 9.bxc3 Bd7 10.O-O Be7 11.Re1 O-O 12.Bxc6 Bxc6 13.Ne5 Be8 14.Qg4 f5 
15.Qe2 Bf6 16.Nf3 Bd7 17.Bf4 Re8 18.Bd6 Bc6 19.Ne5 Bxe5 20.Qxe5 Qf6 21.Qf4
h6 22.h4 Kh7 23.Re3 Rg8 24.Rae1 Rae8 25.Be5 Qg6 26.Bd6 Bd7 27.Rg3 Qf7 28.
Rh3 g6 29.Ree3 Bb5 30.Be5 Re7 31.Qg5 Ree8 32.Qf4 Bc6 33.Kh2 Bd7 34.Reg3 b6
35.Rg5 Qe7 36.Bd6 Qf6 37.Be5 Qe7 38.Bd6 Qf6 39.Be5 1/2-1/2

[Event "10th Reykjavik op"]
[Site "Reykjavik ISL"]
[Date "1982.02.14"]
[Round "5"]
[White "Thorsteins, Karl"]
[Black "Iskov, Gert"]
[Result "0-1"]
[WhiteElo "2305"]
[BlackElo "2380"]
[EventDate "1982.02.09"]
[PlyCount "72"]

1.Nf3 g6 2.d4 Nf6 3.g3 Bg7 4.Bg2 O-O 5.O-O d6 6.b3 c5 7.Bb2 cxd4 8.Nxd4 d5
9.Nd2 Re8 10.e4 e5 11.N4f3 d4 12.c3 Nc6 13.cxd4 exd4 14.e5 Ng4 15.Nc4 
Ngxe5 16.Ncxe5 Nxe5 17.Nxd4 Bg4 18.f3 Bd7 19.Qd2 Qb6 20.Kh1 Red8 21.Qe2 
Re8 22.Qd2 Rad8 23.f4 Ng4 24.Rae1 Rxe1 25.Rxe1 Be6 26.f5 Bxd4 27.fxe6 Bxb2
28.exf7+ Kf8 29.Bd5 Qf2 30.Qb4+ Kg7 31.f8=Q+ Rxf8 32.Bg2 Qd4 33.Re7+ Kh6 
34.Rxh7+ Kxh7 35.Qxf8 Nf2+ 36.Kg1 Nh3+ 0-1

[Event "10th Reykjavik op"]
[Site "Reykjavik ISL"]
[Date "1982.02.14"]
[Round "5"]
[White "Frey Beckman, Kenneth"]
[Black "Fridjonsson, Joffus"]
[Result "1-0"]
[WhiteElo "2480"]
[BlackElo "2260"]
[EventDate "1982.02.09"]
[PlyCount "59"]

1.Nf3 f5 2.g3 Nf6 3.Bg2 e6 4.O-O Be7 5.c4 O-O 6.d4 d6 7.Nc3 Qe8 8.Re1 Qh5 
9.e4 fxe4 10.Nxe4 Nc6 11.Bf4 Nxe4 12.Rxe4 Bf6 13.Rc1 Qf5 14.Re2 g5 15.Be3 
g4 16.Ne1 e5 17.d5 Nb8 18.c5 Na6 19.cxd6 cxd6 20.a3 Bg5 21.Qd2 Bxe3 22.
Qxe3 Bd7 23.b4 Rf6 24.Rec2 Qh5 25.Be4 Raf8 26.Ng2 b6 27.Nh4 Qf7 28.Qe2 Ba4
29.Rc8 Bd7 30.Rxf8+ 1-0

[Event "10th Reykjavik op"]
[Site "Reykjavik ISL"]
[Date "1982.02.14"]
[Round "5"]
[White "Karlsson, Hilmar"]
[Black "Sigurjonsson, Johann Oern"]
[Result "1-0"]
[WhiteElo "2260"]
[BlackElo "2240"]
[EventDate "1982.02.09"]
[PlyCount "63"]

1.e4 e5 2.Nf3 Nc6 3.d4 exd4 4.Nxd4 Nf6 5.Nc3 Bb4 6.Nxc6 bxc6 7.Bd3 d5 8.
exd5 cxd5 9.O-O O-O 10.Bg5 c6 11.Ne2 Be7 12.c3 h6 13.Bf4 Bd6 14.Qd2 Bxf4 
15.Qxf4 Qb6 16.b3 Ba6 17.c4 Rfe8 18.Ng3 Qb8 19.Qh4 Qe5 20.Rac1 Rad8 21.
Rfd1 d4 22.Nf5 c5 23.f4 Qe6 24.Re1 Qb6 25.Qg3 Nh5 26.Qg4 Rxe1+ 27.Rxe1 Qb4
28.Rd1 Re8 29.Qxh5 Re1+ 30.Kf2 g6 31.Qxh6 gxf5 32.Bxf5 1-0